Κατάλογος Βιβλιοθηκών Mediterranean College

Χάραξη Διαφημιστικής Στρατηγικής για την Εταιρία Intermove Α.Ε. (Record no. 8623)

MARC details
000 -LEADER
fixed length control field 01717cam a22001934a 4500
005 - ΗΜΕΡΟΜΗΝΙΑ ΚΑΙ ΩΡΑ ΤΕΛΕΥΤΑΙΑΣ ΕΝΗΜΕΡΩΣΗΣ
Πεδίο ελέγχου 20250605164341.0
008 - FIXED-LENGTH DATA ELEMENTS--GENERAL INFORMATION
Πεδίο ελέγχου σταθερού μήκους 250528s ||||||||||||||||||||||||d
035 ## - SYSTEM CONTROL NUMBER
System control number 23623
040 ## - ΠΗΓΗ ΚΑΤΑΛΟΓΟΓΡΑΦΗΣΗΣ
Φορέας πρωτότυπης καταλογογράφησης MC Athens Campus Library
Γλώσσα καταλογογράφησης Ελληνικά, Μοντέρνα (1453-)
Modifying agency MC Athens Campus Library
Κανόνες περιγραφικής καταλογογράφησης AACR2
245 1# - ΤΙΤΛΟΣ ΚΑΙ ΔΗΛΩΣΗ ΥΠΕΥΘΥΝΟΤΗΤΑΣ
Τίτλος Χάραξη Διαφημιστικής Στρατηγικής για την Εταιρία Intermove Α.Ε.
260 ## - PUBLICATION, DISTRIBUTION, ETC.
Date of publication, distribution, etc. 2016
300 ## - PHYSICAL DESCRIPTION
Extent 89
520 ## - SUMMARY, ETC.
Summary, etc. Περίληψη, Ευχαριστίες, Περιεχόμενα Πινάκων, Περιεχόμενα Γραφημάτων, Εισαγωγή, Σκοπός της Έρευνας, Στόχοι, Διάρθρωση Ενοτήτων, Βιβλιογραφική Ανασκόπηση, Αναγνωρισιμότητα, Προέλευση Αναγνωρισιμότητας, Word of Mouth, Μέσα Διαφήμισης, Κατηγορίες Διαφήμισης, Καταναλωτής, Κατάτμηση Αγοράς, Σχεδιασμός Έρευνας και Μεθοδολογία, Φιλοσοφία Έρευνας, Σχεδιασμός και Στρατηγική Έρευνας, Ευρήματα και Αποτελέσματα και Εφαρμογή και Ανάλυση Αποτελεσμάτων, Δεδομένα, Ανάλυση Αποτελεσμάτων ανά Στόχο, Μελλοντική Ζήτηση, Αναγνωρισιμότητα της Εταιρίας σε Σύγκριση με Αυτήν του Ανταγωνισμού, Εφαρμογή και Ανάλυση, Συμπεράσματα, Προσωπικός Αναστοχασμός.
700 1# - ΠΡΟΣΘΕΤΗ ΑΝΑΓΡΑΦΗ--ΦΥΣΙΚΟ ΠΡΟΣΩΠΟ
Personal name Ντίμπ Μιχαήλ
9 (RLIN) 9215
700 1# - ΠΡΟΣΘΕΤΗ ΑΝΑΓΡΑΦΗ--ΦΥΣΙΚΟ ΠΡΟΣΩΠΟ
Personal name Παινέσης Γρηγόριος
9 (RLIN) 9216
942 ## - ADDED ENTRY ELEMENTS (KOHA)
Koha item type Διπλωματική εργασία
Holdings
Τύπος τεκμηρίου Βιβλιοθήκη Τρέχουσα τοποθεσία Barcode Ημερομηνία απόκτησης Ταξιθετικό σύμβολο Αριθμός αντιτύπου Κατάσταση απόσυρσης Κατάσταση χαμένου Κατάσταση κατεστραμμένου Μη δανεισμός Σύνολο δανεισμών Ημερομηνία τελευταίας εμφάνισης Η τιμή ισχύει από
Διπλωματική εργασία MC Athens Campus Library MC Athens Campus Library 9780000086228 05/06/2025 BUS 2016 (2) 1           05/06/2025 05/06/2025

MC Athens Campus Library
Πατησίων 94 & Κοδριγκτώνος 13, 104 34
Πελλήνης 8 & Πατησίων 107, 112 51
Τ: +30 210 8899600

MC Thessaloniki Campus Library
Ίωνος Δραγούμη 21, 54625 | Ίωνος Δραγούμη 15, 54625
Τ: +30 2310 287779 – Τ: +30 2314 440300